| 000 | 00891cam a22002655a 4500 | ||
|---|---|---|---|
| 001 | 18696105 | ||
| 005 | 20201128023725.0 | ||
| 008 | 150713s2016 enk frb 001 0 eng d | ||
| 020 | _a9781292078748 | ||
| 040 |
_aDLC _beng _cDLC _dEG-ScBUE |
||
| 082 | 0 | 4 |
_a658.4012 _222 _bSTA |
| 100 | 1 |
_aStacey, Ralph D. _939847 |
|
| 245 | 1 | 0 |
_aStrategic management and organisational dynamics : _bthe challenge of complexity to ways of thinking about organisations / _cRalph D. Stacey and Chris Mowles. |
| 250 | _a7th ed. | ||
| 260 |
_aHarlow : _bPearson Education Limited, _c2016. |
||
| 300 |
_axvii, 560 p. ; _c26 cm. |
||
| 500 | _aIndex : p. [545]-560. | ||
| 504 | _aBibliography : p. [519]-544. | ||
| 650 | 7 |
_aStrategic planning. _2BUEsh _91643 |
|
| 650 | 7 |
_aOrganizational behavior. _2BUEsh _94617 |
|
| 651 | _2BUEsh | ||
| 653 |
_bBUSADM _cApril2016 |
||
| 700 | 1 | _aMowles, Chris. | |
| 942 | _2ddc | ||
| 999 |
_c21646 _d21618 |
||